[Event "Sombor Open - Memorijal Dragana Milicevi"]
[Site "Sombor, Citaonicka 9"]
[Date "2025.10.17"]
[Round "1.1"]
[White "Gajcin, Sinisa"]
[Black "Kurcubic, Drago"]
[Result "0-1"]
[WhiteElo "1804"]
[BlackElo "2177"]
[PlyCount "100"]
[EventDate "2025.10.17"]

1. e4 c6 2. d4 d5 3. Nc3 dxe4 4. Nxe4 Nf6 5. Nxf6+ gxf6 6. Bc4 Bf5 7. c3 e6 8.
Nf3 Bd6 9. Qe2 Nd7 10. Nh4 Bg6 11. Nxg6 hxg6 12. h3 Qc7 13. a4 O-O-O 14. b4 e5
15. O-O exd4 16. cxd4 Rde8 17. Qf3 Rh7 18. Be3 f5 19. b5 c5 20. Rac1 Kb8 21.
Rfd1 Re4 22. Bd5 Reh4 23. a5 f4 24. b6 axb6 25. axb6 Nxb6 26. dxc5 fxe3 27.
cxb6 Qxb6 28. Rb1 exf2+ 29. Kh1 Rb4 30. Rbc1 f5 31. Qe2 Re7 32. Be6 Bc5 33.
Qe5+ Qc7 34. Rd8+ Ka7 35. Qa1+ Kb6 36. Ra8 f1=Q+ 37. Rxf1 Rxe6 38. Rc1 Rb5 39.
Ra7 Qe7 40. Ra8 Kc7 41. Qc3 Re3 42. Qd2 f4 43. Ra2 f3 44. gxf3 Rxf3 45. Qg2 Qe4
46. Qh2+ Rg3+ 47. Rg2 Qxg2+ 48. Qxg2 Rxg2 49. Kxg2 Kd6 50. Kf3 Ke5 0-1

[Event "Sombor Open - Memorijal Dragana Milicevi"]
[Site "Sombor, Citaonicka 9"]
[Date "2025.10.17"]
[Round "1.2"]
[White "Babic, Damir M"]
[Black "Babac, Zoran"]
[Result "1-0"]
[WhiteElo "2148"]
[BlackElo "1780"]
[PlyCount "107"]
[EventDate "2025.10.17"]

1. d4 d6 2. Nf3 Nf6 3. c4 g6 4. Nc3 Bg7 5. e4 a5 6. Be2 O-O 7. h3 e5 8. dxe5
dxe5 9. Qxd8 Rxd8 10. Bg5 Re8 11. O-O-O Na6 12. Be3 b6 13. Nd2 Bb7 14. g4 Red8
15. g5 Ne8 16. f3 Nb4 17. Nb3 a4 18. Rxd8 Rxd8 19. Nd2 a3 20. bxa3 Nd3+ 21. Kc2
Nf4 22. Bxf4 exf4 23. Nb3 Ra8 24. a4 Bxc3 25. Kxc3 Rxa4 26. Ra1 Nd6 27. a3 Ba6
28. Nd2 b5 29. Kb3 Ra5 30. cxb5 Bxb5 31. Bxb5 Rxb5+ 32. Kc3 Rxg5 33. a4 Rc5+
34. Kd4 Rc2 35. Kd3 Rc6 36. e5 Nb7 37. Nb3 f6 38. a5 Ra6 39. exf6 Kf7 40. Kc4
c6 41. Kb4 Kxf6 42. Rd1 Ke7 43. Rd4 g5 44. Re4+ Kd6 45. Re8 c5+ 46. Kb5 Kd7 47.
Kxa6 Nxa5 48. Rb8 Kc7 49. Rb5 Nxb3 50. Rxb3 Kc6 51. Rc3 h5 52. Rc4 g4 53. fxg4
Kd5 54. Rxf4 1-0

[Event "Sombor Open - Memorijal Dragana Milicevi"]
[Site "Sombor, Citaonicka 9"]
[Date "2025.10.17"]
[Round "1.3"]
[White "Bakula, Milan"]
[Black "Kolompar, Ivan"]
[Result "0-1"]
[WhiteElo "1733"]
[BlackElo "2036"]
[PlyCount "75"]
[EventDate "2025.10.17"]

1. c4 c6 2. Nc3 d5 3. e3 Nf6 4. Be2 e5 5. a3 d4 6. exd4 exd4 7. Na2 d3 8. Bf3
Bc5 9. Nc3 Qd4 10. Nh3 Bxh3 11. O-O Be6 12. b4 Bb6 13. c5 Bc7 14. Bb2 O-O 15.
Re1 Qh4 16. g3 Qg5 17. Ne4 Nxe4 18. Bxe4 Bg4 19. Bf3 Bf5 20. h4 Qd8 21. Bg2 Na6
22. Qh5 Qd7 23. Be4 Bg6 24. Bxg6 fxg6 25. Qg5 Qf5 26. Qe3 Rad8 27. f4 Qg4 28.
Qe6+ Qxe6 29. Rxe6 Rfe8 30. Rae1 Rxe6 31. Rxe6 Kf7 32. Re3 b6 33. Rf3 bxc5 34.
f5 cxb4 35. fxg6+ Kxg6 36. h5+ Kxh5 37. Bxg7 bxa3 38. Kg2 0-1

[Event "Sombor Open - Memorijal Dragana Milicevi"]
[Site "Sombor, Citaonicka 9"]
[Date "2025.10.17"]
[Round "1.4"]
[White "Travica, Robert"]
[Black "Lin, Zhengyuan"]
[Result "0-1"]
[WhiteElo "2030"]
[BlackElo "1701"]
[PlyCount "86"]
[EventDate "2025.10.17"]

1. e4 e5 2. Nf3 Nc6 3. Bc4 Nf6 4. d3 h6 5. O-O d6 6. c3 Bg4 7. Nbd2 Be7 8. Re1
O-O 9. Nf1 a6 10. a4 Na5 11. Ba2 c5 12. h3 Be6 13. Be3 Bxa2 14. Rxa2 Nc6 15.
Ng3 Qc7 16. Qe2 b5 17. Raa1 d5 18. exd5 Nxd5 19. Bd2 Bd6 20. Nf5 Rae8 21. axb5
axb5 22. c4 bxc4 23. dxc4 Ndb4 24. Bc3 f6 25. Bxb4 Nxb4 26. Red1 Rd8 27. N3h4
Nc6 28. Qg4 Kh7 29. Qg6+ Kh8 30. Nxh6 Ne7 31. Qh5 gxh6 32. Qxh6+ Kg8 33. Ra3 e4
34. Rxd6 Rxd6 35. Rg3+ Kf7 36. Qh7+ Ke8 37. Qxe4 Rd4 38. Qa8+ Kf7 39. Qa6 Rxh4
40. Rf3 Nc6 41. g4 Kg7 42. g5 fxg5 43. Rxf8 Kxf8 0-1

[Event "Sombor Open - Memorijal Dragana Milicevi"]
[Site "Sombor, Citaonicka 9"]
[Date "2025.10.17"]
[Round "1.5"]
[White "Kelic, Dusan"]
[Black "Glamuzina, Jurica"]
[Result "0-1"]
[WhiteElo "1695"]
[BlackElo "1962"]
[PlyCount "48"]
[EventDate "2025.10.17"]

1. e4 d6 2. d4 Nf6 3. Nc3 c6 4. Nf3 Bg4 5. Bd3 Qc7 6. Bg5 Nbd7 7. O-O e5 8. Be2
Be7 9. Qd2 O-O 10. Rad1 Rfe8 11. h3 Bh5 12. Rfe1 b5 13. b4 a6 14. a3 Rac8 15.
Nh4 Bxe2 16. Qxe2 c5 17. bxc5 exd4 18. cxd6 Bxd6 19. Nf5 Bf8 20. Bxf6 Nxf6 21.
Nb1 Rxe4 22. Qd3 Rxe1+ 23. Rxe1 Qxc2 24. Qxd4 Qxf5 0-1

[Event "Sombor Open - Memorijal Dragana Milicevi"]
[Site "Sombor, Citaonicka 9"]
[Date "2025.10.17"]
[Round "1.6"]
[White "Skrobonja, Sinisa"]
[Black "Kovacic, Borislav Z"]
[Result "1-0"]
[WhiteElo "1943"]
[BlackElo "1595"]
[PlyCount "61"]
[EventDate "2025.10.17"]

1. e4 c5 2. Nf3 Nc6 3. d4 cxd4 4. Nxd4 d6 5. c4 Nf6 6. Nc3 e5 7. Nc2 Bd7 8. Bg5
Be7 9. Qd2 Ng4 10. Bxe7 Nxe7 11. Qxd6 O-O 12. f3 Nc8 13. Qc5 b6 14. Qd5 Ne7 15.
Qd6 Nc8 16. Qd2 Nf6 17. O-O-O a6 18. g4 h6 19. h4 Ra7 20. g5 Nh7 21. Bh3 Ne7
22. Bxd7 h5 23. Bf5 Qxd2+ 24. Rxd2 g6 25. Bh3 Re8 26. Rhd1 Nc6 27. Bd7 Rd8 28.
Bxc6 Rxd2 29. Rxd2 Rc7 30. Rd6 Nf8 31. Nd5 1-0

[Event "Sombor Open - Memorijal Dragana Milicevi"]
[Site "Sombor, Citaonicka 9"]
[Date "2025.10.17"]
[Round "1.7"]
[White "Basaric, Ana"]
[Black "Vujnovic, Igor"]
[Result "0-1"]
[WhiteElo "1584"]
[BlackElo "1927"]
[PlyCount "92"]
[EventDate "2025.10.17"]

1. c4 f5 2. Nc3 Nf6 3. d4 e6 4. g3 c6 5. Bg2 d5 6. cxd5 exd5 7. Nf3 Bd6 8. Bg5
O-O 9. O-O h6 10. Bxf6 Qxf6 11. e3 Nd7 12. a3 Qe6 13. b4 a6 14. Rb1 Nf6 15. a4
Ne4 16. Qc2 Bd7 17. Nd2 Nxc3 18. Qxc3 Rae8 19. Nb3 g5 20. Nc5 Bxc5 21. dxc5 f4
22. exf4 gxf4 23. Rb3 Qe7 24. Qc1 Qf6 25. Qd2 Bg4 26. h3 f3 27. hxg4 fxg2 28.
Kxg2 Re4 29. Rd3 Rxg4 30. Rh1 Kg7 31. Qe2 Re4 32. Qd2 Rfe8 33. Rf3 Qg5 34. Qd3
R8e6 35. Rb1 Qg4 36. Rd1 h5 37. Rh1 Qg5 38. b5 axb5 39. axb5 h4 40. bxc6 bxc6
41. Qa3 Rf6 42. Qa7+ Kg6 43. Rxf6+ Qxf6 44. Qa5 hxg3 45. Kxg3 Qg5+ 46. Kf3 Qg4#
0-1

[Event "Sombor Open - Memorijal Dragana Milicevi"]
[Site "Sombor, Citaonicka 9"]
[Date "2025.10.17"]
[Round "1.8"]
[White "Stojanovski, Branko"]
[Black "Mitrovic, Nenad Dj"]
[Result "1-0"]
[WhiteElo "1926"]
[BlackElo "1569"]
[PlyCount "113"]
[EventDate "2025.10.17"]

1. b4 e5 2. Bb2 d6 3. c4 b6 4. e3 Bb7 5. Nf3 h6 6. Be2 Nf6 7. d3 Be7 8. Nbd2
Nbd7 9. O-O O-O 10. Qb3 c6 11. a4 a6 12. Qc3 Qc8 13. Nb3 Re8 14. Nfd2 Nf8 15.
Bf3 Ne6 16. a5 Bd8 17. axb6 Bxb6 18. c5 Bc7 19. Na5 d5 20. Bd1 Rb8 21. Ba4 Qd7
22. Bb3 Ba8 23. Nf3 d4 24. exd4 e4 25. Bxe6 Qxe6 26. Ne5 Nd5 27. Qd2 Bxe5 28.
dxe5 exd3 29. Ra4 Red8 30. Nc4 Bb7 31. Nd6 Bc8 32. f4 Nc7 33. Rf3 Qb3 34. Ra1
Bg4 35. Rxd3 Qxb4 36. Bd4 Qxd2 37. Rxd2 Be6 38. Bc3 Bd5 39. Ba5 Rd7 40. Bxc7
Rxc7 41. Rxa6 Rb1+ 42. Kf2 Rh1 43. Kg3 Rc1 44. Ra5 Kh7 45. Rb2 Rc3+ 46. Kh4 Kg6
47. g4 Rf3 48. f5+ Kh7 49. Re2 Rd7 50. Ra4 g5+ 51. fxg6+ fxg6 52. g5 Rf4+ 53.
Rxf4 h5 54. e6 Ra7 55. Rf7+ Rxf7 56. exf7 Bxf7 57. Nxf7 1-0

[Event "Sombor Open - Memorijal Dragana Milicevi"]
[Site "Sombor, Citaonicka 9"]
[Date "2025.10.17"]
[Round "1.9"]
[White "Siladjev, Nemanja"]
[Black "Dragas, Radomir"]
[Result "1/2-1/2"]
[WhiteElo "1499"]
[BlackElo "1909"]
[PlyCount "45"]
[EventDate "2025.10.17"]

1. c4 e6 2. a3 Nf6 3. Nc3 d5 4. e3 Be7 5. Nf3 O-O 6. Be2 b6 7. O-O Bb7 8. d4 c5
9. cxd5 exd5 10. Qc2 Nbd7 11. b3 Rc8 12. Bb2 Ne4 13. Nxe4 cxd4 14. Qd2 dxe4 15.
Nxd4 Ne5 16. Rac1 Qd7 17. Bb5 Qg4 18. Qe2 Qg5 19. Rfd1 Nf3+ 20. Kh1 Nh4 21. f3
Bf6 22. f4 Qg6 23. Bd7 1/2-1/2

[Event "Sombor Open - Memorijal Dragana Milicevi"]
[Site "Sombor, Citaonicka 9"]
[Date "2025.10.17"]
[Round "1.10"]
[White "Ivosevic, Nikola"]
[Black "Kokai, Lea"]
[Result "1-0"]
[WhiteElo "1892"]
[BlackElo "1427"]
[PlyCount "61"]
[EventDate "2025.10.17"]

1. d4 Nf6 2. Nf3 e6 3. c4 Bb4+ 4. Nc3 Qe7 5. e3 O-O 6. Bd3 Nc6 7. O-O b6 8. e4
d6 9. Re1 e5 10. d5 Nd4 11. h3 h6 12. a3 Bxc3 13. bxc3 Nxf3+ 14. Qxf3 Bd7 15.
Kh2 Nh7 16. g4 Qf6 17. Qg3 Ng5 18. Kg2 Qg6 19. f4 exf4 20. Bxf4 f6 21. e5 Qf7
22. Bxg5 hxg5 23. e6 Bxe6 24. Rxe6 Rae8 25. Rae1 Rxe6 26. Rxe6 Re8 27. Qe3 Rxe6
28. dxe6 Qe7 29. Qe4 Kf8 30. Qd5 c5 31. Bg6 1-0

[Event "Sombor Open - Memorijal Dragana Milicevi"]
[Site "Sombor, Citaonicka 9"]
[Date "2025.10.20"]
[Round "2.1"]
[White "Kurcubic, Drago"]
[Black "Ivosevic, Nikola"]
[Result "1-0"]
[WhiteElo "2177"]
[BlackElo "1892"]
[PlyCount "93"]
[EventDate "2025.10.17"]

1. e4 c5 2. c3 d5 3. exd5 Nf6 4. d4 Qxd5 5. Nf3 e6 6. Be2 Nc6 7. O-O Be7 8. Be3
cxd4 9. cxd4 O-O 10. Nc3 Qd8 11. Qd2 Nd5 12. Rad1 b6 13. Ne5 Bb7 14. Bf3 Rc8
15. Nxd5 exd5 16. a3 f6 17. Nd3 Na5 18. Nf4 Qd7 19. Rfe1 Rfe8 20. Qd3 Bf8 21.
h3 g6 22. g4 Nc4 23. Bc1 Bh6 24. Rxe8+ Rxe8 25. b3 Nb2 26. Bxb2 Bxf4 27. Bc1
Qd6 28. b4 Qc7 29. Bxf4 Qxf4 30. Kg2 Qd6 31. Rc1 Rc8 32. Rxc8+ Bxc8 33. Qb5 Be6
34. a4 Kf7 35. a5 Ke7 36. h4 h6 37. h5 gxh5 38. gxh5 Qd7 39. Qd3 Bf5 40. Qe3+
Kd6 41. Qxh6 Qe6 42. Qf8+ Kc6 43. Qa8+ Kb5 44. Qxa7 bxa5 45. Qc5+ Ka6 46. Qxa5+
Kb7 47. Bxd5+ 1-0

[Event "Sombor Open - Memorijal Dragana Milicevi"]
[Site "Sombor, Citaonicka 9"]
[Date "2025.10.20"]
[Round "2.2"]
[White "Mandaric, Petar"]
[Black "Babic, Damir M"]
[Result "0-1"]
[WhiteElo "1877"]
[BlackElo "2148"]
[PlyCount "100"]
[EventDate "2025.10.17"]

1. e4 e5 2. Nf3 Nc6 3. Bc4 Bc5 4. c3 Nf6 5. d3 d6 6. O-O a6 7. Bb3 Ba7 8. Be3
h6 9. Bxa7 Rxa7 10. Ne1 g5 11. Nd2 Ne7 12. Nc4 Ng6 13. g3 Bh3 14. Ng2 Rg8 15.
Nce3 Qd7 16. f3 Be6 17. d4 h5 18. Rf2 Bxb3 19. axb3 Kf8 20. Qd3 Ra8 21. Nf5 Re8
22. c4 exd4 23. Qxd4 Ne5 24. Re1 Re6 25. Nge3 g4 26. Nh4 c5 27. Qd1 gxf3 28.
Nxf3 Nxe4 29. Nxe5 Rxe5 30. Rg2 Ng5 31. Kh1 Qe6 32. Nc2 Rxe1+ 33. Qxe1 Qxe1+
34. Nxe1 Rg6 35. Re2 Re6 36. Rxe6 fxe6 37. Kg2 Ke7 38. Nd3 Ne4 39. Nc1 d5 40.
Kf3 b5 41. cxb5 axb5 42. Ke3 b4 43. Nd3 Kd6 44. Nf4 Nf6 45. h3 e5 46. Nd3 d4+
47. Ke2 e4 48. Nf2 Ke5 49. g4 hxg4 50. hxg4 Kf4 0-1

[Event "Sombor Open - Memorijal Dragana Milicevi"]
[Site "Sombor, Citaonicka 9"]
[Date "2025.10.20"]
[Round "2.3"]
[White "Kolompar, Ivan"]
[Black "Pek, Istvan"]
[Result "1-0"]
[WhiteElo "2036"]
[BlackElo "1869"]
[PlyCount "65"]
[EventDate "2025.10.17"]

1. e4 c5 2. Nf3 d6 3. d4 cxd4 4. Nxd4 Nf6 5. Nc3 a6 6. Be2 e6 7. a4 Be7 8. O-O
Bd7 9. a5 Nc6 10. Nb3 O-O 11. Be3 Qc7 12. f4 Rac8 13. Bf3 Qb8 14. g4 Bd8 15. e5
Ne8 16. exd6 Nb4 17. Nc5 Rxc5 18. Bxc5 Nc6 19. b4 Bf6 20. Ra3 Bxc3 21. Rxc3 Na7
22. Bg2 Nc6 23. Rh3 Nf6 24. g5 Nd5 25. Qh5 h6 26. gxh6 g6 27. h7+ Kh8 28. Qg5
Qd8 29. Qxd8 Rxd8 30. c4 Nf6 31. Bxc6 bxc6 32. Bd4 e5 33. Bxe5 1-0

[Event "Sombor Open - Memorijal Dragana Milicevi"]
[Site "Sombor, Citaonicka 9"]
[Date "2025.10.20"]
[Round "2.4"]
[White "Glamuzina, Jurica"]
[Black "Delija, Dragan"]
[Result "1/2-1/2"]
[WhiteElo "1962"]
[BlackElo "1862"]
[PlyCount "38"]
[EventDate "2025.10.17"]

1. e4 c6 2. d4 d5 3. e5 c5 4. Nf3 Bg4 5. Bb5+ Nc6 6. O-O e6 7. c3 cxd4 8. cxd4
Qb6 9. Nc3 Bxf3 10. gxf3 Nge7 11. Qd3 Nf5 12. Be3 Be7 13. Rfd1 O-O 14. a4 Nh4
15. f4 Qd8 16. Kh1 Rc8 17. Rg1 f5 18. exf6 Bxf6 19. Rad1 Nf5 1/2-1/2

[Event "Sombor Open - Memorijal Dragana Milicevi"]
[Site "Sombor, Citaonicka 9"]
[Date "2025.10.20"]
[Round "2.5"]
[White "Knezevic, Janko"]
[Black "Skrobonja, Sinisa"]
[Result "0-1"]
[WhiteElo "1834"]
[BlackElo "1943"]
[PlyCount "46"]
[EventDate "2025.10.17"]

1. e4 g6 2. d4 Bg7 3. Nf3 d6 4. Nc3 a6 5. Bc4 b5 6. Bb3 e6 7. Bg5 Ne7 8. a4 b4
9. Ne2 h6 10. Be3 a5 11. Qd2 Nd7 12. O-O-O Nf6 13. Ng3 Bb7 14. e5 Nfd5 15. Rhg1
Nb6 16. h4 Qd7 17. h5 g5 18. exd6 cxd6 19. d5 Nbxd5 20. Bd4 e5 21. Be3 Nf5 22.
Nxe5 Bxe5 23. f4 gxf4 0-1

[Event "Sombor Open - Memorijal Dragana Milicevi"]
[Site "Sombor, Citaonicka 9"]
[Date "2025.10.20"]
[Round "2.6"]
[White "Vujnovic, Igor"]
[Black "Stefanac, Marko"]
[Result "0-1"]
[WhiteElo "1927"]
[BlackElo "1847"]
[PlyCount "98"]
[EventDate "2025.10.17"]

1. e4 e5 2. Nc3 Nf6 3. f4 d5 4. fxe5 Nxe4 5. Qf3 Nxc3 6. dxc3 Be6 7. Qg3 d4 8.
Bd2 dxc3 9. Bxc3 Qd5 10. Bd3 Nc6 11. Ne2 Bb4 12. O-O Bxc3 13. Nxc3 Qxe5 14. Qf3
O-O 15. Kh1 Qg5 16. Qe4 g6 17. Qf3 Qg4 18. Qf6 Rad8 19. Rf4 Qh5 20. Rh4 Qe5 21.
Qf2 f5 22. Re1 Qf6 23. Rh3 a6 24. Rhe3 Bf7 25. Ne4 Qe7 26. Nc3 Qd6 27. Rg3 Kh8
28. Rh3 Rde8 29. Rf1 Qd4 30. Qd2 Re7 31. Qh6 Qg7 32. Qd2 Rfe8 33. Rg3 Qe5 34.
Rgf3 Nd4 35. R3f2 c5 36. Be2 b5 37. Bf3 Bc4 38. Rg1 Qe3 39. b3 Nxf3 40. gxf3
Bf7 41. Nd1 Qxd2 42. Rxd2 Re2 43. Rd7 Kg7 44. c4 Rxa2 45. cxb5 axb5 46. Nc3 Rb2
47. Nxb5 Ree2 48. Rgd1 Kf6 49. f4 Bxb3 0-1

[Event "Sombor Open - Memorijal Dragana Milicevi"]
[Site "Sombor, Citaonicka 9"]
[Date "2025.10.20"]
[Round "2.7"]
[White "Lin, Zhengyuan"]
[Black "Stojanovski, Branko"]
[Result "0-1"]
[WhiteElo "1701"]
[BlackElo "1926"]
[PlyCount "120"]
[EventDate "2025.10.17"]

1. e4 e6 2. d4 d5 3. exd5 exd5 4. h3 c5 5. c3 Bd6 6. Nf3 Ne7 7. Bd3 Nbc6 8. O-O
c4 9. Bc2 Qc7 10. Re1 Bf4 11. Bxf4 Qxf4 12. Qd2 Qf6 13. Qe3 O-O 14. Ne5 Bf5 15.
Bxf5 Qxf5 16. Nd2 f6 17. Nxc6 Nxc6 18. Qe6+ Qxe6 19. Rxe6 Kf7 20. Rae1 a5 21.
b3 cxb3 22. Nxb3 Rfe8 23. Nc5 b6 24. Rxe8 Rxe8 25. Rxe8 Kxe8 26. Na4 b5 27. Nc5
b4 28. Na4 Ke7 29. f4 Kd6 30. Kf2 bxc3 31. Nxc3 Nxd4 32. Ke3 Nc2+ 33. Kd2 Nb4
34. a3 Nc6 35. a4 Ne7 36. g4 Ng6 37. Ne2 Kc5 38. f5 Ne5 39. Kc3 Nc6 40. Kd3 d4
41. Nf4 Ne5+ 42. Kd2 Kc4 43. Ne6 g6 44. Nf8 gxf5 45. gxf5 h6 46. Ng6 Nf3+ 47.
Kd1 d3 48. Nf4 Nd4 49. Kd2 Nb3+ 50. Kd1 Kd4 51. Nh5 Ke5 52. Ng7 Kf4 53. Ke1 Ke3
54. Nh5 d2+ 55. Kd1 Nd4 56. Nxf6 Nxf5 57. Nd5+ Kd4 58. Nf4 Ke4 59. Ne6 Ke3 60.
Nc5 Nd4 0-1

[Event "Sombor Open - Memorijal Dragana Milicevi"]
[Site "Sombor, Citaonicka 9"]
[Date "2025.10.20"]
[Round "2.8"]
[White "Dragas, Radomir"]
[Black "Travica, Robert"]
[Result "1-0"]
[WhiteElo "1909"]
[BlackElo "2030"]
[PlyCount "117"]
[EventDate "2025.10.17"]

1. d4 Nf6 2. c4 e6 3. Nc3 d5 4. Bg5 Nbd7 5. cxd5 exd5 6. Nf3 c6 7. e3 Qa5 8.
Qc2 Ne4 9. Bh4 Bb4 10. Rc1 Ndf6 11. Bxf6 Nxf6 12. Bd3 O-O 13. O-O h6 14. Nd2
Be6 15. Nb3 Qd8 16. Ne2 Bd6 17. Nc3 Bxh2+ 18. Kxh2 Ng4+ 19. Kg3 Qd6+ 20. Kf3
Nh2+ 21. Ke2 Nxf1 22. Rxf1 Rae8 23. g3 f5 24. Kd2 Bc8 25. Ne2 b6 26. Kc1 Bd7
27. Kb1 a5 28. Nd2 c5 29. Nf4 c4 30. Be2 b5 31. Nf3 g5 32. Ng2 Rc8 33. Ne5 Be8
34. f4 g4 35. Nh4 Qf6 36. Nxf5 Qxf5 37. Qxf5 Rxf5 38. Bxg4 Rxe5 39. fxe5 Rc7
40. Be6+ Kg7 41. Bxd5 c3 42. b3 Bg6+ 43. Kc1 Bf7 44. Rxf7+ Rxf7 45. Bxf7 Kxf7
46. d5 Ke7 47. Kc2 b4 48. a3 h5 49. e4 Kd7 50. e6+ Kd6 51. e5+ Ke7 52. axb4
axb4 53. Kd3 Ke8 54. d6 Kd8 55. e7+ Kd7 56. Kc2 Ke8 57. e6 h4 58. d7+ Kxe7 59.
gxh4 1-0

[Event "Sombor Open - Memorijal Dragana Milicevi"]
[Site "Sombor, Citaonicka 9"]
[Date "2025.10.20"]
[Round "2.9"]
[White "Dombrovski, Mihajlo"]
[Black "Siladjev, Nemanja"]
[Result "1-0"]
[WhiteElo "2006"]
[BlackElo "1499"]
[PlyCount "83"]
[EventDate "2025.10.17"]

1. c4 e5 2. d3 Nc6 3. g3 Nf6 4. Bg2 g6 5. Nc3 Bg7 6. e3 O-O 7. Nge2 a6 8. O-O
d6 9. d4 exd4 10. exd4 Bf5 11. h3 h5 12. Bg5 Qd7 13. Kh2 Nh7 14. Be3 g5 15. Qd2
f6 16. d5 Ne5 17. b3 g4 18. h4 Rfe8 19. Nf4 Qf7 20. Nce2 Nf8 21. Nd4 Bd7 22.
Qc2 Bh6 23. Nfe6 Bxe3 24. fxe3 Nxe6 25. dxe6 Bxe6 26. Bxb7 Ra7 27. Be4 Kg7 28.
Rf2 c5 29. Nxe6+ Qxe6 30. Bd5 Nf3+ 31. Rxf3 gxf3 32. Bxe6 Rxe6 33. Qf2 Rae7 34.
Re1 Re5 35. Qxf3 Kg6 36. Rf1 Rxe3 37. Qxf6+ Kh7 38. Qxd6 Re2+ 39. Kh3 Rh2+ 40.
Kxh2 Re2+ 41. Kh3 Rh2+ 42. Kxh2 1-0

[Event "Sombor Open - Memorijal Dragana Milicevi"]
[Site "Sombor, Citaonicka 9"]
[Date "2025.10.20"]
[Round "2.10"]
[White "Mitrovic, Nenad Dj"]
[Black "Gajcin, Sinisa"]
[Result "0-1"]
[WhiteElo "1569"]
[BlackElo "1804"]
[PlyCount "34"]
[EventDate "2025.10.17"]

1. e4 c5 2. Bc4 Nc6 3. Qh5 e6 4. Nh3 g6 5. Qf3 Bg7 6. Ng5 Qxg5 7. Nc3 Nd4 8.
Qd1 Qxg2 9. Rf1 Nf3+ 10. Ke2 a6 11. d3 b5 12. Bb3 b4 13. Bf4 bxc3 14. Bg3 cxb2
15. Rb1 Bc3 16. Ke3 Bd4+ 17. Kf4 g5+ 0-1

[Event "Sombor Open - Memorijal Dragana Milicevi"]
[Site "Sombor, Citaonicka 9"]
[Date "2025.10.20"]
[Round "2.12"]
[White "Kokai, Lea"]
[Black "Bakula, Milan"]
[Result "0-1"]
[WhiteElo "1427"]
[BlackElo "1733"]
[PlyCount "70"]
[EventDate "2025.10.17"]

1. e4 c5 2. d4 cxd4 3. Qxd4 Nc6 4. Qd3 e5 5. Nc3 Bb4 6. Nf3 f6 7. Bd2 Nge7 8.
a3 Bc5 9. b4 Bd4 10. Be2 O-O 11. O-O a6 12. Nxd4 Nxd4 13. Qg3 d5 14. Bd3 Be6
15. exd5 Bxd5 16. Bh6 Ndf5 17. Bxf5 Nxf5 18. Qd3 Be6 19. Qxd8 Rfxd8 20. Be3
Rac8 21. Ne4 Rxc2 22. Nc5 Bd5 23. Rfd1 Nxe3 24. fxe3 Rxg2+ 25. Kf1 Rxh2 26. e4
Bc4+ 27. Kg1 Rhd2 28. Rxd2 Rxd2 29. Nxb7 h5 30. Rc1 Bd3 31. Rc8+ Kh7 32. Rd8
Rd1+ 33. Kf2 Bc2 34. Ra8 Bxe4 35. Nc5 Bxa8 0-1

[Event "Sombor Open - Memorijal Dragana Milicevi"]
[Site "Sombor, Citaonicka 9"]
[Date "2025.10.22"]
[Round "3.3"]
[White "Stefanac, Marko"]
[Black "Kolompar, Ivan"]
[Result "1-0"]
[WhiteElo "1847"]
[BlackElo "2036"]
[PlyCount "33"]
[EventDate "2025.10.17"]

1. e4 c5 2. Nc3 Nc6 3. f4 d6 4. Bb5 Bd7 5. Nf3 a6 6. Bxc6 Bxc6 7. d3 g6 8. O-O
Bg7 9. Qe1 e6 10. f5 e5 11. Ng5 Nf6 12. Qf2 h6 13. fxg6 hxg5 14. Bxg5 fxg6 15.
Bxf6 Qd7 16. Bxg7 Qxg7 17. Qf6 1-0

[Event "Sombor Open - Memorijal Dragana Milicevi"]
[Site "Sombor, Citaonicka 9"]
[Date "2025.10.22"]
[Round "3.6"]
[White "Babac, Zoran"]
[Black "Dombrovski, Mihajlo"]
[Result "0-1"]
[WhiteElo "1780"]
[BlackElo "2006"]
[PlyCount "77"]
[EventDate "2025.10.17"]

1. b3 d6 2. Bb2 c5 3. e3 Nd7 4. g3 Ngf6 5. Bg2 g6 6. Ne2 Bg7 7. O-O O-O 8. c4
Rb8 9. Nbc3 a6 10. a4 b6 11. d4 Bb7 12. d5 Qc7 13. Qc2 Rbd8 14. Nf4 Ne5 15. Nd3
Nxd3 16. Qxd3 e6 17. e4 Rfe8 18. Rae1 Qb8 19. Qd2 exd5 20. exd5 Bc8 21. Rxe8+
Rxe8 22. Re1 Bf5 23. Rxe8+ Qxe8 24. f3 h5 25. h3 h4 26. g4 Bd7 27. Ne4 Nxe4 28.
fxe4 Qe7 29. Bxg7 Kxg7 30. Qc3+ Qf6 31. Qxf6+ Kxf6 32. Kf2 Ke5 33. Ke3 f5 34.
Bf3 fxg4 35. hxg4 h3 36. g5 h2 37. Bh1 Bg4 38. Kd2 Kf4 39. Ke1 0-1

[Event "Sombor Open - Memorijal Dragana Milicevi"]
[Site "Sombor, Citaonicka 9"]
[Date "2025.10.22"]
[Round "3.7"]
[White "Ivosevic, Nikola"]
[Black "Lin, Zhengyuan"]
[Result "1-0"]
[WhiteElo "1892"]
[BlackElo "1701"]
[PlyCount "29"]
[EventDate "2025.10.17"]

1. d4 d5 2. Nf3 e6 3. c4 h6 4. Nc3 Nf6 5. a3 c5 6. e3 b6 7. cxd5 exd5 8. Ne5
Nbd7 9. Bb5 a6 10. Bc6 Rb8 11. Nxd5 Nxd5 12. Bxd5 Nxe5 13. dxe5 Qg5 14. Bc6+
Ke7 15. Qd6# 1-0

[Event "Sombor Open - Memorijal Dragana Milicevi"]
[Site "Sombor, Citaonicka 9"]
[Date "2025.10.22"]
[Round "3.8"]
[White "Bakula, Milan"]
[Black "Mandaric, Petar"]
[Result "0-1"]
[WhiteElo "1733"]
[BlackElo "1877"]
[PlyCount "44"]
[EventDate "2025.10.17"]

1. e4 c5 2. Nc3 a6 3. a4 d6 4. Bc4 e6 5. Nf3 b6 6. O-O Bb7 7. d3 d5 8. exd5
exd5 9. Bb3 Be7 10. Qe2 Nf6 11. Re1 d4 12. Ne4 Nxe4 13. dxe4 O-O 14. Bf4 Nc6
15. Bd5 Na5 16. Ba2 Rc8 17. Rad1 Qe8 18. Ng5 Bxg5 19. Bxg5 Qxa4 20. Qg4 Rc6 21.
Bd5 Rg6 22. Qf3 Qd7 0-1

[Event "Sombor Open - Memorijal Dragana Milicevi"]
[Site "Sombor, Citaonicka 9"]
[Date "2025.10.22"]
[Round "3.9"]
[White "Pek, Istvan"]
[Black "Kovacic, Borislav Z"]
[Result "1-0"]
[WhiteElo "1869"]
[BlackElo "1595"]
[PlyCount "59"]
[EventDate "2025.10.17"]

1. Nf3 c5 2. e4 d6 3. d4 Nf6 4. c3 Nxe4 5. dxc5 Nxc5 6. Be3 Nbd7 7. Nbd2 Qc7 8.
Rc1 Nf6 9. Be2 Ng4 10. Bf4 e5 11. Bg3 Bf5 12. Nb3 Be7 13. h3 Nf6 14. O-O Nh5
15. Bh2 Nf4 16. Bxf4 exf4 17. Nxc5 Qxc5 18. Qa4+ Bd7 19. Qxf4 Bc6 20. Rcd1 O-O
21. Rfe1 h6 22. Bd3 Bxf3 23. Qxf3 d5 24. Bb1 Rad8 25. Re5 Bh4 26. g3 Rd6 27.
gxh4 Rg6+ 28. Bxg6 fxg6 29. Qxd5+ Qxd5 30. Rdxd5 1-0

[Event "Sombor Open - Memorijal Dragana Milicevi"]
[Site "Sombor, Citaonicka 9"]
[Date "2025.10.22"]
[Round "3.13"]
[White "Kelic, Dusan"]
[Black "Basaric, Ana"]
[Result "1-0"]
[WhiteElo "1695"]
[BlackElo "1584"]
[PlyCount "65"]
[EventDate "2025.10.17"]

1. e4 c5 2. Nf3 Nc6 3. c3 g6 4. d4 cxd4 5. cxd4 Bg7 6. e5 d6 7. Bb5 Bg4 8. O-O
dxe5 9. h3 Bxf3 10. Qxf3 Rc8 11. d5 a6 12. dxc6 axb5 13. cxb7 Rb8 14. Nc3 Qd7
15. Rd1 Qxb7 16. Qe2 e6 17. Ne4 Rd8 18. Bg5 f6 19. Rxd8+ Kxd8 20. Rd1+ Ke7 21.
Nc5 Qb6 22. Be3 Qc6 23. Rd7+ Kf8 24. Qd2 Ne7 25. Rd6 Qc8 26. Rd8+ Qxd8 27.
Qxd8+ Kf7 28. Qd7 Ra8 29. Qxe6+ Kf8 30. Nd7+ Ke8 31. Bc5 Bf8 32. Nxf6+ Kd8 33.
Qd7# 1-0

[Event "Sombor Open - Memorijal Dragana Milicevi"]
[Site "Sombor, Citaonicka 9"]
[Date "2025.10.22"]
[Round "3.14"]
[White "Travica, Robert"]
[Black "Kokai, Lea"]
[Result "1-0"]
[WhiteElo "2030"]
[BlackElo "1427"]
[PlyCount "37"]
[EventDate "2025.10.17"]

1. e4 d6 2. d4 Nf6 3. Nc3 e5 4. Nf3 Nbd7 5. Bc4 Be7 6. O-O O-O 7. h3 h6 8. Re1
c6 9. a3 Re8 10. Ba2 exd4 11. Nxd4 Bf8 12. Nf3 Nb6 13. e5 dxe5 14. Nxe5 Be6 15.
Bxe6 Rxe6 16. Qf3 Qd4 17. Bf4 Bd6 18. Rad1 Qc5 19. b4 1-0